01390nam a2200409 i 45000010005000000030009000050050017000140080039000310150016000700200015000860350021001010400028001220410008001500460009001580800012001670800012001792450068001912500026002592600055002853000041003403800016003813800027003973850039004243880014004633880014004774900048004915000090005395040044006296580028006736550030007016500012007316500020007437000031007637100041007948560097008358300048009321143KOSZ 00520220609091013.0981118s1984 pl a f f |000 0 pol aPB 1985/701 a8320406137 a(OCoLC)749564172 aWA NcWA NdKOSZ 005/HR0 apol k1979 a621.317 a(075.8)00aPodstawy metrologii elektrycznej /cAndrzej Marcyniuk [et al.]. aWyd. 3 częśc. zm. aWarszawa :bWydawnictwa Naukowo-Techniczne,c1984. a445, [2] s. :brys., wykr. ;c24 cm. aKsiążki aPublikacje dydaktyczne mPoziom nauczaniaaSzkoły wyższe a1901-2000 a1945-19891 aPodręczniki Akademickie. Elektrotechnika. aWyd. poprzednie pod hasłem : Marcyniuk Andrzej, Pasecki Eligiusz, Szadkowski Brunon. aBibliogr. s.438. wykaz norm s. 438-440. aInżynieria i technika 4aPodręczniki akademickie 4aPomiary 4aElektrotechnika1 aMarcyniuk, Andrzej.eAutor2 aWydawnictwa Naukowo-Techniczne4pbl. uhttp://koha.tu.koszalin.pl/cgi-bin/koha/opac-detail.pl?biblionumber=1143yKatalog online BPK 0aPodręczniki Akademickie.pElektrotechnika